| 000 | 00534cam a2200205ua 4500 | ||
|---|---|---|---|
| 001 | 8374 | ||
| 005 | 20260515114328.0 | ||
| 008 | 150129n ii |||gr||||Z||||||eng | ||
| 040 | _cMAIN | ||
| 041 | _aeng | ||
| 082 | _a810 | ||
| 100 |
_aNarasimhaiah, C. D., _eEditor. |
||
| 245 | 1 |
_aStudent`s handbook of American literature _cEdited by C. D. Narasimhaiah |
|
| 250 | _a1st. | ||
| 260 |
_aNew Delhi: _bKalyani, _c1997. |
||
| 300 | _a394p. | ||
| 653 | _aAmerican literature in English | ||
| 653 | _aAmerican literature | ||
| 942 | _cBK | ||
| 999 |
_c7479 _d7479 |
||